000 00676cam a22002173a 4500
001 38939
003 PGUSA
005 20140828083847.0
008 120221s2012||||xxu|||||s|||||000 | eng d
040 _aPGUSA
_beng
042 _adc
100 1 _aJohnston, Annie F.
_q(Annie Fellows),
_d1863-1931
245 1 4 _aThe Little Colonel at Boarding-School
_h[electronic resource] /
_cAnnie F. Johnston
260 _bProject Gutenberg,
_c2012
506 _aPublic domain in the USA.
516 _aElectronic text
700 1 _aBarry, Etheldred B.
_q(Etheldred Breeze),
_d1870-
830 0 _aProject Gutenberg
_v38939
856 4 0 _uhttp://www.gutenberg.org/ebooks/38939
942 _cEB
999 _c268192
_d268192